[Event "DEM U12 2012"]
[Site "Oberhof GER"]
[Date "2012.05.27"]
[Round "1"]
[White "Müller, Sophie"]
[Black "Bergauz, Noam"]
[Result "1/2-1/2"]
[Termination "normal"]
[Board "14"]
[WhiteElo "1435"]
[BlackElo "1865"]
[PlyCount "119"]
[WhiteFideId "12926698"]
[BlackFideId "12938033"]
[EventCountry "GER"]
[EventRounds "11"]
[EventType "swiss"]
[EventDate "2012.05.26"]

1. Nf3 Nf6 2. g3 g6 3. Bg2 Bg7 4. O-O O-O 5. d3 d5 6. c4 c6 7. Nbd2 Re8 8. Qc2
e5 9. e4 dxe4 10. dxe4 c5 11. Rd1 Nc6 12. Nb3 Qe7 13. Bg5 Bg4 14. Re1 h6 15.
Bxf6 Qxf6 16. Nfd2 b6 17. Nf1 Nd4 18. Nxd4 cxd4 19. Qd3 h5 20. Nd2 Bh6 21. Nf3
Rac8 22. b3 b5 23. h3 bxc4 24. bxc4 Be6 25. Qa3 Bxc4 26. Qxa7 d3 27. Red1 Red8
28. Qa5 d2 29. Rxd2 Bxd2 30. Nxd2 Ra8 31. Qb4 Rxa2 32. Rxa2 Bxa2 33. Bf1 Qd6
34. Qxd6 Rxd6 35. Nf3 f6 36. Nh4 Rd1 37. Kg2 Bb1 38. Bc4+ Kg7 39. f3 Bd3 40.
Bxd3 Rxd3 41. Kf2 Ra3 42. g4 Ra2+ 43. Kg3 Kh6 44. Ng2 hxg4 45. hxg4 Kg5 46. Ne3
Kh6 47. Ng2 Re2 48. Nh4 Kg5 49. Ng2 Rxg2+ 50. Kxg2 Kf4 51. Kf2 g5 52. Kg2 Ke3
53. Kg3 Kd3 54. Kh3 Kc2 55. Kg2 Kd3 56. Kh3 Kd4 57. Kh2 Kc3 58. Kg3 Kc2 59. Kg2
Kd3 60. Kh3 1/2-1/2

[Event "DEM U12 2012"]
[Site "Oberhof GER"]
[Date "2012.05.27"]
[Round "1"]
[White "Pallas, Sebastian"]
[Black "Heldt, Nils-Lennart"]
[Result "1-0"]
[Termination "normal"]
[Board "15"]
[WhiteElo "1793"]
[BlackElo "1408"]
[PlyCount "109"]
[WhiteFideId "12905453"]
[BlackFideId "12952109"]
[EventCountry "GER"]
[EventRounds "11"]
[EventType "swiss"]
[EventDate "2012.05.26"]

1. e4 e6 2. d4 d5 3. Nd2 dxe4 4. Nxe4 Nd7 5. Nf3 Ngf6 6. Nxf6+ Nxf6 7. Bd3 Be7
8. O-O O-O 9. Bg5 b6 10. Bxf6 Bxf6 11. Be4 Rb8 12. Qd3 h6 13. Rad1 Qd6 14. c3
b5 15. Rfe1 Ba6 16. Qc2 Rfd8 17. d5 e5 18. b3 Bb7 19. c4 bxc4 20. bxc4 Qc5 21.
Nd2 c6 22. Nb3 Qb6 23. c5 Qc7 24. d6 Qd7 25. f4 Bc8 26. fxe5 Bh4 27. g3 Bg5 28.
Nd4 Rb4 29. Nxc6 Rxe4 30. Nxd8 Rxe1+ 31. Rxe1 Qxd8 32. c6 Qb6+ 33. Kg2 Qd4 34.
d7 Bxd7 35. cxd7 Qxd7 36. h4 Be7 37. Kh2 Qd4 38. Re4 Qd5 39. Qc4 Qc5 40. Qxc5
Bxc5 41. Rc4 Bb6 42. Rc8+ Kh7 43. Kh3 Bd4 44. Rc7 a5 45. Re7 Bc3 46. Kg4 h5+
47. Kxh5 g6+ 48. Kg4 Kg7 49. Ra7 Bxe5 50. Rxa5 Bc3 51. Ra8 f5+ 52. Kf3 Be5 53.
a4 Bc3 54. a5 Bd4 55. a6 1-0

[Event "DEM U12 2012"]
[Site "Oberhof GER"]
[Date "2012.05.27"]
[Round "1"]
[White "Özkan, Afet-Ekin"]
[Black "Poghosyan, Tigran"]
[Result "0-1"]
[Termination "normal"]
[Board "16"]
[WhiteElo "1406"]
[BlackElo "1860"]
[PlyCount "78"]
[WhiteFideId "12952117"]
[BlackFideId "12909319"]
[EventCountry "GER"]
[EventRounds "11"]
[EventType "swiss"]
[EventDate "2012.05.26"]

1. d4 Nf6 2. Nf3 g6 3. c4 Bg7 4. Nc3 d5 5. Qb3 dxc4 6. Qxc4 O-O 7. e4 c6 8. Be2
Nbd7 9. h3 Nb6 10. Qb3 Be6 11. Qc2 Bc4 12. Bxc4 Nxc4 13. Qb3 b5 14. Be3 a5 15.
O-O Nxe3 16. fxe3 b4 17. Ne2 Nxe4 18. Qc2 Nd6 19. Qxc6 Nf5 20. Qe4 Bh6 21. Nf4
Ng3 22. Qe5 Nxf1 23. Rxf1 Bg7 24. Qe4 Rc8 25. h4 Qd6 26. h5 gxh5 27. Nxh5 Qg6
28. Qxg6 hxg6 29. Nf4 Rc2 30. Rb1 Rfc8 31. Nd3 Re2 32. Nc5 e5 33. Kf1 Rxe3 34.
Kf2 exd4 35. Nb3 Rc2+ 36. Kf1 d3 37. Re1 Rxe1+ 38. Nxe1 d2 39. Ke2 dxe1=Q+ 0-1

[Event "DEM U12 2012"]
[Site "Oberhof GER"]
[Date "2012.05.27"]
[Round "1"]
[White "Buckels, Valentin"]
[Black "Wachsmann, Dietmar"]
[Result "0-1"]
[Termination "normal"]
[Board "17"]
[WhiteElo "1805"]
[BlackElo "1405"]
[PlyCount "120"]
[WhiteFideId "12942766"]
[BlackFideId "12917168"]
[EventCountry "GER"]
[EventRounds "11"]
[EventType "swiss"]
[EventDate "2012.05.26"]

1. d4 Nf6 2. c4 g6 3. g3 Bg7 4. Bg2 O-O 5. Nf3 d6 6. O-O Nc6 7. Nc3 Bd7 8. d5
Nb8 9. Qc2 a5 10. e4 Na6 11. h3 Nc5 12. Be3 Na6 13. a3 b6 14. Rfb1 Nc5 15. b4
axb4 16. axb4 Rxa1 17. Rxa1 Ncxe4 18. Nxe4 Nxe4 19. Nd4 Nf6 20. c5 Qc8 21. g4
bxc5 22. bxc5 e5 23. dxe6 Bxe6 24. Ra8 Qd7 25. c6 Qe7 26. Ra7 Bd5 27. g5 Ne4
28. Nb5 Rc8 29. Ra4 Re8 30. Nxc7 Qxc7 31. Bxe4 Bxe4 32. Rxe4 Rc8 33. Rc4 d5 34.
Bf4 Be5 35. Bxe5 Qxe5 36. Rc5 Qxg5+ 37. Kf1 Qh5 38. Qd3 Qe5 39. Qa6 Qf5 40. c7
Qxh3+ 41. Ke1 Qe6+ 42. Qxe6 fxe6 43. Ke2 Kf7 44. Ke3 Ke7 45. Kd4 Kd6 46. Ra5
Rxc7 47. Ra6+ Rc6 48. Ra7 e5+ 49. Kd3 h5 50. Rg7 e4+ 51. Kd4 Rc4+ 52. Ke3 Ke5
53. Rxg6 Rc3+ 54. Kd2 Rf3 55. Rg5+ Rf5 56. Rg2 d4 57. Rh2 Rxf2+ 58. Rxf2 e3+
59. Ke2 exf2 60. Kxf2 Ke4 0-1

[Event "DEM U12 2012"]
[Site "Oberhof GER"]
[Date "2012.05.27"]
[Round "1"]
[White "Wallat, Jessica"]
[Black "Fieberg, Samuel"]
[Result "0-1"]
[Termination "normal"]
[Board "18"]
[WhiteElo "1596"]
[BlackElo "1872"]
[PlyCount "84"]
[WhiteFideId "12909637"]
[BlackFideId "12901717"]
[EventCountry "GER"]
[EventRounds "11"]
[EventType "swiss"]
[EventDate "2012.05.26"]

1. d4 d5 2. e3 Nf6 3. Bd3 e6 4. Nf3 c5 5. c3 Bd6 6. Nbd2 Nc6 7. O-O O-O 8. Qe2
e5 9. dxc5 Bxc5 10. e4 Re8 11. Re1 Bg4 12. exd5 Nxd5 13. Ne4 Bb6 14. Ng3 Nf4
15. Qc2 Qxd3 16. Qxd3 Nxd3 17. Rf1 Rad8 18. h3 Bxf3 19. gxf3 Re6 20. b4 Rg6 21.
Kg2 f5 22. Kh2 f4 23. Ne4 Nxc1 24. Raxc1 Rd3 25. a4 Rxf3 26. a5 Bc7 27. Rg1 Rh6
28. Ng5 Rxf2+ 29. Rg2 Rxg2+ 30. Kxg2 Rg6 31. h4 h6 32. Kf3 hxg5 33. hxg5 Rxg5
34. Ke4 Ne7 35. c4 Rg3 36. Re1 Rc3 37. c5 g5 38. Re2 Kf7 39. Re1 g4 40. Re2 Ke6
41. Re1 Nd5 42. Re2 Nf6# 0-1

[Event "DEM U12 2012"]
[Site "Oberhof GER"]
[Date "2012.05.27"]
[Round "1"]
[White "Urban, Konstantin"]
[Black "Killgus, Leonard"]
[Result "1-0"]
[Termination "normal"]
[Board "19"]
[WhiteElo "1766"]
[BlackElo "1374"]
[PlyCount "104"]
[WhiteFideId "12927511"]
[BlackFideId "12922021"]
[EventCountry "GER"]
[EventRounds "11"]
[EventType "swiss"]
[EventDate "2012.05.26"]

1. e4 e5 2. Nf3 Nc6 3. Bb5 Bc5 4. O-O Qf6 5. d3 h6 6. Nc3 Nge7 7. Be3 Nd4 8.
Bxd4 Bxd4 9. Re1 c6 10. Bc4 Bb6 11. d4 d6 12. d5 O-O 13. Qd2 Bg4 14. Be2 Ng6
15. Rad1 Rad8 16. Na4 Bc7 17. h3 Bc8 18. c4 Nf4 19. Kh2 b5 20. cxb5 cxb5 21.
Nc3 Bb6 22. Rf1 Qg6 23. Ne1 a6 24. Bf3 Qg5 25. Nd3 Qh4 26. Nxf4 Qxf4+ 27. Qxf4
exf4 28. Ne2 f5 29. exf5 Bxf5 30. Nxf4 Bc2 31. Rd2 Rxf4 32. Rxc2 Rf7 33. Rc6
Rb7 34. Kg1 a5 35. Re1 Bc5 36. Re6 Rf8 37. Kf1 a4 38. Ke2 b4 39. Ra6 a3 40. b3
Rc7 41. Rc6 Rcf7 42. Re4 Rd7 43. Kd3 Rf6 44. Bg4 Rd8 45. f3 h5 46. Be6+ Kf8 47.
Rc7 Re8 48. Kc4 Rb8 49. Rh4 g6 50. Re4 Ra8 51. Rh7 Ra5 52. Bd7 Kg8 1-0

[Event "DEM U12 2012"]
[Site "Oberhof GER"]
[Date "2012.05.27"]
[Round "1"]
[White "Shevelko, Alexander"]
[Black "Kololli, Kevin"]
[Result "0-1"]
[Termination "normal"]
[Board "20"]
[WhiteElo "1373"]
[BlackElo "1767"]
[PlyCount "62"]
[WhiteFideId "12952125"]
[BlackFideId "12936863"]
[EventCountry "GER"]
[EventRounds "11"]
[EventType "swiss"]
[EventDate "2012.05.26"]

1. d4 Nf6 2. Nf3 e6 3. c4 c5 4. e3 d5 5. Bd3 Bd6 6. O-O O-O 7. Nc3 Nc6 8. dxc5
Bxc5 9. b3 b6 10. e4 d4 11. Ne2 e5 12. Nd2 Nb4 13. Bb1 Bg4 14. f3 d3+ 15. Kh1
dxe2 16. Qxe2 Bd4 17. a3 Bxa1 18. axb4 Be6 19. Ba3 Bd4 20. b5 Re8 21. Rd1 Nh5
22. Nf1 Nf4 23. Qc2 Qg5 24. Ng3 g6 25. Ba2 h5 26. Bc1 h4 27. Nf1 Kg7 28. g3
hxg3 29. hxg3 Rh8+ 30. Nh2 Qxg3 31. Bxf4 Qxf3+ 0-1

[Event "DEM U12 2012"]
[Site "Oberhof GER"]
[Date "2012.05.27"]
[Round "1"]
[White "Balazs, Balint"]
[Black "Walker, Julia"]
[Result "1-0"]
[Termination "normal"]
[Board "21"]
[WhiteElo "1758"]
[BlackElo "1370"]
[PlyCount "57"]
[WhiteFideId "12922757"]
[BlackFideId "1271852"]
[EventCountry "GER"]
[EventRounds "11"]
[EventType "swiss"]
[EventDate "2012.05.26"]

1. e4 e5 2. Nf3 Nc6 3. Bc4 Bc5 4. c3 Nf6 5. d4 exd4 6. cxd4 Bb4+ 7. Nc3 Nxe4 8.
O-O Nxc3 9. bxc3 Bxc3 10. Qb3 d5 11. Bxd5 O-O 12. Rb1 Bf5 13. Bg5 Qd6 14. Bxc6
Qxc6 15. Rbc1 h6 16. Rxc3 Qg6 17. Bf4 Be6 18. Qc2 Bf5 19. Qd2 Be4 20. Re1 Rfe8
21. Rce3 Qf5 22. Bg3 g5 23. Ne5 Bd5 24. Ng4 Kg7 25. Rxe8 Rxe8 26. Rxe8 Be6 27.
Be5+ Kg6 28. Rg8+ Kh5 29. Nf6+ 1-0

[Event "DEM U12 2012"]
[Site "Oberhof GER"]
[Date "2012.05.27"]
[Round "1"]
[White "Fromm, Katja"]
[Black "Nothnagel, Marian Can"]
[Result "1/2-1/2"]
[Termination "normal"]
[Board "22"]
[WhiteElo "1367"]
[BlackElo "1723"]
[PlyCount "84"]
[WhiteFideId "12929409"]
[BlackFideId "12921530"]
[EventCountry "GER"]
[EventRounds "11"]
[EventType "swiss"]
[EventDate "2012.05.26"]

1. d4 Nf6 2. c4 g6 3. Nc3 Bg7 4. Nf3 d6 5. Bg5 O-O 6. e3 h6 7. Bh4 Nbd7 8. Be2
c5 9. O-O a6 10. h3 Qc7 11. Bg3 b6 12. a3 Bb7 13. b4 Ne4 14. Nxe4 Bxe4 15. Ra2
Nf6 16. Bh2 Rfc8 17. bxc5 bxc5 18. Nd2 Bf5 19. Nb3 cxd4 20. Nxd4 Bd7 21. Qc2 e5
22. Nb3 Bf5 23. Qc1 Rab8 24. Nd2 Nd7 25. Rd1 Nc5 26. g4 Be6 27. Rb2 Rxb2 28.
Qxb2 Rb8 29. Qc2 Bd7 30. Rb1 Ba4 31. Qc1 Rb6 32. Bf3 Nd3 33. Qf1 Bc2 34. Rxb6
Qxb6 35. Be4 Qa5 36. Nb1 Qe1 37. Qxe1 Nxe1 38. Bxc2 Nxc2 39. Kf1 Na1 40. Nd2
Kf8 41. Ke2 Ke7 42. Kd1 f5 1/2-1/2

[Event "DEM U12 2012"]
[Site "Oberhof GER"]
[Date "2012.05.27"]
[Round "1"]
[White "Rätzke von Stoyentin, Steffen"]
[Black "Lohrmann, Tabea"]
[Result "1-0"]
[Termination "normal"]
[Board "23"]
[WhiteElo "1741"]
[BlackElo "1339"]
[PlyCount "93"]
[WhiteFideId "12907502"]
[BlackFideId "12911941"]
[EventCountry "GER"]
[EventRounds "11"]
[EventType "swiss"]
[EventDate "2012.05.26"]

1. c4 e5 2. g3 Nf6 3. Bg2 Bc5 4. Nc3 Nc6 5. e3 d6 6. Nge2 Be6 7. d4 exd4 8.
exd4 Bb4 9. d5 Bg4 10. dxc6 bxc6 11. Bxc6+ Nd7 12. Bxa8 Qxa8 13. Qd5 c6 14.
Qe4+ Ne5 15. O-O O-O 16. f4 Ng6 17. Be3 Re8 18. Qd3 Qb7 19. a3 Bxc3 20. Nxc3
Qe7 21. Rfe1 Rd8 22. Bb6 Qd7 23. Bxd8 Qxd8 24. Qe3 h6 25. Qe8+ Qxe8 26. Rxe8+
Kh7 27. Rd8 d5 28. cxd5 cxd5 29. Nxd5 Be6 30. Re1 Bxd5 31. Rxd5 h5 32. Rxh5+
Kg8 33. Re8+ Nf8 34. Rb5 g6 35. Rbb8 Kg7 36. Rxf8 Kf6 37. Rbe8 a6 38. g4 g5 39.
fxg5+ Kxg5 40. Rxf7 a5 41. Rg8+ Kh6 42. Rf3 Kh7 43. Rg5 Kh6 44. h4 Kh7 45. Rf6
a4 46. Kg2 Kh8 47. Rh6# 1-0

[Event "DEM U12 2012"]
[Site "Oberhof GER"]
[Date "2012.05.27"]
[Round "1"]
[White "Ley, Sabrina"]
[Black "Kololli, Martin"]
[Result "0-1"]
[Termination "normal"]
[Board "24"]
[WhiteElo "1334"]
[BlackElo "1739"]
[PlyCount "80"]
[WhiteFideId "12938130"]
[BlackFideId "12936910"]
[EventCountry "GER"]
[EventRounds "11"]
[EventType "swiss"]
[EventDate "2012.05.26"]

1. e4 e5 2. Nf3 Nc6 3. Bc4 Nf6 4. d4 exd4 5. O-O Nxe4 6. Re1 d5 7. Bxd5 Qxd5 8.
Nc3 Qh5 9. Nxe4 Be6 10. Neg5 O-O-O 11. Nxe6 fxe6 12. Rxe6 Bd6 13. h3 Ne5 14.
Qe2 Rhe8 15. Rxe8 Rxe8 16. Bd2 Nxf3+ 17. Qxf3 Qxf3 18. gxf3 Re2 19. Rd1 Bc5 20.
Kf1 d3 21. Be3 Bxe3 22. fxe3 Rxe3 23. Rxd3 Rxd3 24. cxd3 Kd7 25. Ke2 Ke6 26.
Ke3 Ke5 27. h4 Kf5 28. b3 a5 29. a3 g6 30. d4 g5 31. h5 g4 32. f4 g3 33. b4
axb4 34. axb4 g2 35. Kf2 g1=Q+ 36. Kxg1 Kxf4 37. Kf2 Kg5 38. d5 Kxh5 39. b5 b6
40. Ke3 Kg5 0-1

[Event "DEM U12 2012"]
[Site "Oberhof GER"]
[Date "2012.05.27"]
[Round "1"]
[White "Hartmann, Martin"]
[Black "Lai Hop, Long"]
[Result "1/2-1/2"]
[Termination "normal"]
[Board "25"]
[WhiteElo "1728"]
[BlackElo "1331"]
[PlyCount "87"]
[WhiteFideId "12911925"]
[BlackFideId "12942707"]
[EventCountry "GER"]
[EventRounds "11"]
[EventType "swiss"]
[EventDate "2012.05.26"]

1. e4 c5 2. Nf3 Nc6 3. Bb5 g6 4. Bxc6 dxc6 5. O-O Bg7 6. c3 Nf6 7. Re1 O-O 8.
d4 cxd4 9. cxd4 Qc7 10. Nc3 Rd8 11. Be3 b6 12. Rc1 Bb7 13. e5 Ne8 14. Qb3 e6
15. Bg5 Rdc8 16. d5 cxd5 17. Nxd5 Bxd5 18. Rxc7 Bxb3 19. Rxc8 Rxc8 20. axb3 h6
21. Be7 Bf8 22. Bxf8 Kxf8 23. Nd4 Rd8 24. Rd1 Rd5 25. f4 Nc7 26. Kf2 Ke8 27.
Ke3 Nb5 28. Rd3 Nxd4 29. Rxd4 Rxd4 30. Kxd4 Kd7 31. b4 a6 32. g4 Kc6 33. Kc4
Kc7 34. b5 a5 35. Kd4 g5 36. f5 Kd7 37. Ke4 Ke7 38. fxe6 fxe6 39. Kf3 Kf7 40.
Kg3 Kg6 41. h4 Kf7 42. b3 Kg6 43. Kh3 Kf7 44. hxg5 1/2-1/2

[Event "DEM U12 2012"]
[Site "Oberhof GER"]
[Date "2012.05.27"]
[Round "1"]
[White "Cejda, Cecilia"]
[Black "Nguyen, Huy Dat"]
[Result "0-1"]
[Termination "normal"]
[Board "26"]
[WhiteElo "1330"]
[BlackElo "1764"]
[PlyCount "60"]
[WhiteFideId "12921122"]
[BlackFideId "12923486"]
[EventCountry "GER"]
[EventRounds "11"]
[EventType "swiss"]
[EventDate "2012.05.26"]

1. e4 c5 2. Nf3 Nc6 3. d4 cxd4 4. Nxd4 g6 5. Nc3 Bg7 6. Be3 Nf6 7. Bc4 Qa5 8.
O-O O-O 9. Bb3 d6 10. h3 Bd7 11. f4 Nxd4 12. Bxd4 Bc6 13. Bd5 Nxd5 14. exd5 Bd7
15. Bxg7 Kxg7 16. Qd4+ Kg8 17. Qd2 Rac8 18. h4 Qb6+ 19. Kh1 Qxb2 20. Rab1 Qxc3
21. Qxc3 Rxc3 22. Rxb7 Bf5 23. Rxe7 Rxc2 24. Rxa7 Be4 25. Kh2 Rxg2+ 26. Kh3
Bxd5 27. a4 Re8 28. h5 Re3+ 29. Kh4 Be6 30. Rh1 Rg4# 0-1

[Event "DEM U12 2012"]
[Site "Oberhof GER"]
[Date "2012.05.27"]
[Round "1"]
[White "Martin, Julian"]
[Black "Schröder, Janina"]
[Result "1-0"]
[Termination "normal"]
[Board "27"]
[WhiteElo "1627"]
[BlackElo "1353"]
[PlyCount "93"]
[WhiteFideId "12941000"]
[BlackFideId "24693138"]
[EventCountry "GER"]
[EventRounds "11"]
[EventType "swiss"]
[EventDate "2012.05.26"]

1. e4 e5 2. Nf3 Nc6 3. d4 exd4 4. Bc4 Nf6 5. e5 d5 6. Bb5 Ne4 7. Nxd4 Bd7 8.
Bxc6 bxc6 9. O-O Bc5 10. f3 Ng5 11. f4 Ne6 12. c3 Bb6 13. Be3 Qc8 14. Qd3 Nxd4
15. cxd4 Bf5 16. Qa3 Qd7 17. Nd2 h6 18. Rac1 a6 19. Nf3 Be4 20. Nd2 Bf5 21. Rc3
Qe6 22. Rfc1 Qe7 23. Qb3 Bd7 24. Qc2 Qe6 25. Nf3 Qe7 26. Rxc6 Ra7 27. Rc3 Ba5
28. Rb3 Bb6 29. Qf2 Ba4 30. Rd3 Bb5 31. Rdd1 Bd7 32. Qg3 Qf8 33. Nh4 c6 34. f5
Bd8 35. Rf1 Rc7 36. e6 Bc8 37. Bf4 Ra7 38. Rce1 Be7 39. exf7+ Qxf7 40. Bd6 Qf6
41. Bxe7 Rxe7 42. Rxe7+ Kxe7 43. Ng6+ Kf7 44. Qc7+ Ke8 45. Re1+ Be6 46. Rxe6+
Qe7 47. Qxe7# 1-0

[Event "DEM U12 2012"]
[Site "Oberhof GER"]
[Date "2012.05.27"]
[Round "1"]
[White "Edelmann, Jonas"]
[Black "Rogozenco, Teodora"]
[Result "0-1"]
[Termination "normal"]
[Board "28"]
[WhiteElo "1289"]
[BlackElo "1651"]
[PlyCount "46"]
[BlackFideId "12938084"]
[EventCountry "GER"]
[EventRounds "11"]
[EventType "swiss"]
[EventDate "2012.05.26"]

1. e4 c5 2. Nf3 d6 3. d4 cxd4 4. Nxd4 Nf6 5. Nc3 g6 6. Be3 Bg7 7. f3 Nc6 8. Qd2
O-O 9. Bc4 Bd7 10. O-O-O Rc8 11. Bb3 Ne5 12. Kb1 Nc4 13. Bxc4 Rxc4 14. Bh6 Rxd4
15. Qxd4 Bxh6 16. g4 Bg7 17. Qxa7 Qc7 18. h4 Rc8 19. h5 Bxg4 20. fxg4 Nxe4 21.
Rc1 Nxc3+ 22. bxc3 Qxc3 23. Qb6 Qa1# 0-1

[Event "DEM U12 2012"]
[Site "Oberhof GER"]
[Date "2012.05.27"]
[Round "1"]
[White "Steffens, Oliver"]
[Black "Laubrock, Paul"]
[Result "0-1"]
[Termination "normal"]
[Board "30"]
[WhiteElo "1262"]
[BlackElo "1648"]
[PlyCount "74"]
[WhiteFideId "12947148"]
[BlackFideId "1270509"]
[EventCountry "GER"]
[EventRounds "11"]
[EventType "swiss"]
[EventDate "2012.05.26"]

1. e4 c5 2. Nf3 Nc6 3. Bb5 e6 4. O-O Be7 5. e5 a6 6. Bxc6 bxc6 7. Re1 Nh6 8. d3
Nf5 9. Nbd2 Bb7 10. Nc4 O-O 11. Bd2 d5 12. exd6 Nxd6 13. Na5 Rb8 14. Nxb7 Rxb7
15. b3 Bf6 16. Rb1 Nb5 17. Ne5 Qc7 18. f4 Rd8 19. a4 Na7 20. Qe2 Nc8 21. Qe4
Ne7 22. Qc4 Qb6 23. g4 Nd5 24. g5 Be7 25. Ng4 Bf8 26. h4 Ne7 27. h5 Rd4 28. Qc3
Nd5 29. Qb2 Nxf4 30. Bxf4 Rxf4 31. Ne3 c4 32. dxc4 Rg4+ 33. Kf1 Rxg5 34. Rbd1
Qc7 35. Qd4 Qh2 36. Ng4 Qh3+ 37. Kf2 Rxg4 0-1

[Event "DEM U12 2012"]
[Site "Oberhof GER"]
[Date "2012.05.27"]
[Round "1"]
[White "Torgashov, Katerina"]
[Black "Reuker, Jari"]
[Result "0-1"]
[Termination "normal"]
[Board "32"]
[WhiteElo "1222"]
[BlackElo "1771"]
[PlyCount "106"]
[WhiteFideId "12938173"]
[BlackFideId "12909300"]
[EventCountry "GER"]
[EventRounds "11"]
[EventType "swiss"]
[EventDate "2012.05.26"]

1. e4 c5 2. Nc3 e6 3. f4 d5 4. Bb5+ Bd7 5. Bxd7+ Qxd7 6. d3 Nc6 7. Nf3 dxe4 8.
dxe4 Qxd1+ 9. Nxd1 Nf6 10. Nc3 Nb4 11. Kd1 Rd8+ 12. Bd2 c4 13. a3 Nc6 14. Kc1
Bc5 15. Re1 O-O 16. Kb1 Ng4 17. h3 Nh2 18. Be3 Nxf3 19. gxf3 Bxe3 20. Rxe3 Rd2
21. Re2 Rfd8 22. b3 Rxe2 23. Nxe2 Rd2 24. Nc3 cxb3 25. cxb3 Rd3 26. Kb2 Rxf3
27. Rg1 Rf2+ 28. Kb1 Rxf4 29. Rh1 Rf3 30. Kb2 Rf2+ 31. Kc1 Kf8 32. b4 a6 33. h4
Ke7 34. h5 Ne5 35. Rg1 Kf6 36. Rh1 Nd3+ 37. Kd1 Rf4 38. Ke2 Ne5 39. Rh3 Kg5 40.
Ke3 Rh4 41. Rg3+ Rg4 42. Rxg4+ Kxg4 43. h6 g5 44. Ne2 Nc4+ 45. Kf2 Nxa3 46. Nd4
Nb5 47. Nxb5 axb5 48. Ke3 f6 49. Kd4 b6 50. Ke3 Kh5 51. Kf3 Kxh6 52. Kg4 Kg6
53. Kg3 h5 0-1

[Event "DEM U12 2012"]
[Site "Oberhof GER"]
[Date "2012.05.27"]
[Round "1"]
[White "Herbrig, Alexander"]
[Black "Nguyen, Ha Thanh"]
[Result "1-0"]
[Termination "normal"]
[Board "33"]
[WhiteElo "1662"]
[BlackElo "1199"]
[PlyCount "97"]
[WhiteFideId "12952044"]
[BlackFideId "12942154"]
[EventCountry "GER"]
[EventRounds "11"]
[EventType "swiss"]
[EventDate "2012.05.26"]

1. e4 c5 2. Nf3 Nc6 3. d4 cxd4 4. Nxd4 g6 5. Nc3 Bg7 6. Be3 Nf6 7. f3 O-O 8.
Bc4 d6 9. Qd2 Bd7 10. O-O-O a6 11. g4 Qc7 12. Bb3 Na5 13. Bh6 Nxb3+ 14. Nxb3
Rac8 15. Bxg7 Kxg7 16. h4 h5 17. e5 dxe5 18. g5 Ng8 19. Qxd7 Qxd7 20. Rxd7 b5
21. Re1 f6 22. Ne4 f5 23. Nec5 Kf7 24. Rxe5 Rfe8 25. Nb7 Kf8 26. N3c5 Rxc5 27.
Nxc5 Kf7 28. Nxa6 Kf8 29. Nc7 Rb8 30. Nxb5 Ke8 31. Rd6 Rb7 32. Rxg6 Kf7 33. Rc6
Rd7 34. Rxf5+ Kg7 35. g6 Nh6 36. Rxh5 Rb7 37. Nc7 Rb8 38. Ne6+ Kf6 39. Rxh6 Rg8
40. Nd4+ Ke5 41. c3 Kf4 42. Ne6+ Kxf3 43. g7 Kg4 44. Rh8 Rxh8 45. gxh8=Q Kf5
46. Rc5+ Kxe6 47. Qh6+ Kd7 48. Qc6+ Kd8 49. Rd5# 1-0

[Event "DEM U12 2012"]
[Site "Oberhof GER"]
[Date "2012.05.27"]
[Round "1"]
[White "Gericke, Nicholas"]
[Black "Wächter, Nathalie"]
[Result "0-1"]
[Termination "normal"]
[Board "34"]
[WhiteElo "1188"]
[BlackElo "1656"]
[PlyCount "108"]
[WhiteFideId "12952141"]
[BlackFideId "12921033"]
[EventCountry "GER"]
[EventRounds "11"]
[EventType "swiss"]
[EventDate "2012.05.26"]

1. e4 e5 2. Nf3 Nc6 3. Bc4 Bc5 4. Nc3 Nf6 5. d3 h6 6. Bd2 d6 7. h3 O-O 8. O-O
a6 9. a3 Ba7 10. Be3 Be6 11. Bb3 Bxb3 12. cxb3 Re8 13. Re1 Qd7 14. Bxa7 Rxa7
15. d4 exd4 16. Nxd4 Raa8 17. Rc1 Nxd4 18. Qxd4 Rad8 19. Rcd1 Qc6 20. Qc4 Qxc4
21. bxc4 Rd7 22. f3 Kf8 23. Nd5 Nxd5 24. cxd5 c6 25. Rc1 cxd5 26. exd5 Rxe1+
27. Rxe1 Rc7 28. Re2 Rc5 29. Rd2 Ke7 30. f4 Kf6 31. Kf2 Kf5 32. Kf3 g5 33. g4+
Kf6 34. fxg5+ hxg5 35. Ke4 Rc4+ 36. Kd3 Rf4 37. Rh2 Ke5 38. Ke3 Kxd5 39. h4
Re4+ 40. Kf3 gxh4 41. Rxh4 Re5 42. Rh5 Rxh5 43. gxh5 Ke6 44. Kg4 Kf6 45. Kf4 d5
46. h6 Kg6 47. h7 Kxh7 48. Ke5 Kg6 49. Kxd5 f5 50. Kc5 f4 51. Kb6 f3 52. Kxb7
f2 53. Kxa6 f1=Q+ 54. Ka5 Qc1 0-1

[Event "DEM U12 2012"]
[Site "Oberhof GER"]
[Date "2012.05.27"]
[Round "1"]
[White "Zienert, Richard"]
[Black "Riegel, Arinna"]
[Result "1-0"]
[Termination "normal"]
[Board "35"]
[WhiteElo "1649"]
[BlackElo "1161"]
[PlyCount "73"]
[WhiteFideId "12945986"]
[BlackFideId "12931446"]
[EventCountry "GER"]
[EventRounds "11"]
[EventType "swiss"]
[EventDate "2012.05.26"]

1. e4 d5 2. exd5 Qxd5 3. Nc3 Qd6 4. Nb5 Qb6 5. d4 c6 6. Nc3 Nf6 7. h3 Qc7 8.
Nf3 Bf5 9. Ne5 Nbd7 10. Bf4 Nxe5 11. Bxe5 Qd8 12. Qd2 e6 13. O-O-O Bd6 14. Qf4
Bb4 15. Nb1 O-O 16. g4 Bg6 17. Bg2 Be7 18. Qe3 Qa5 19. a3 Qa4 20. Qd2 Qc4 21.
f3 h6 22. h4 Nd5 23. Rde1 Bd8 24. Bf1 Qa4 25. Qf2 b5 26. f4 Ba5 27. Rd1 Ne3 28.
b3 Nxd1 29. Kxd1 Be1 30. Qxe1 Qa6 31. g5 Bh5+ 32. Be2 Bxe2+ 33. Qxe2 Kh7 34.
gxh6 Kxh6 35. Qg4 f6 36. Rg1 Rg8 37. Qg6# 1-0

[Event "DEM U12 2012"]
[Site "Oberhof GER"]
[Date "2012.05.27"]
[Round "1"]
[White "Hacklinger, Dilan"]
[Black "Schnabel, Bennett"]
[Result "0-1"]
[Termination "normal"]
[Board "36"]
[WhiteElo "1151"]
[BlackElo "1693"]
[PlyCount "72"]
[WhiteFideId "12952150"]
[BlackFideId "12943290"]
[EventCountry "GER"]
[EventRounds "11"]
[EventType "swiss"]
[EventDate "2012.05.26"]

1. c4 e6 2. g3 d5 3. cxd5 exd5 4. Bg2 c6 5. Nf3 Bd6 6. O-O Nf6 7. Nc3 O-O 8. d3
Re8 9. a3 Bg4 10. Qb3 Qc7 11. h3 Bxf3 12. Bxf3 Nbd7 13. Qc2 Ne5 14. Bg2 Ng6 15.
Bg5 Re6 16. Rfe1 Rae8 17. Bxf6 Rxf6 18. e3 Ne5 19. Qd1 Rg6 20. d4 Nc4 21. Rb1
Bxg3 22. fxg3 Qxg3 23. Re2 Qxh3 24. Qf1 Rxe3 25. Qf4 h6 26. Kf1 Qg3 27. Qxg3
Rexg3 28. b4 Ne3+ 29. Ke1 Nxg2+ 30. Kd2 Nf4 31. Ree1 Rd3+ 32. Kc2 Rg2+ 33. Kb3
Ne2 34. Rf1 Rxc3+ 35. Ka4 b5+ 36. Ka5 Rxa3# 0-1

[Event "DEM U12 2012"]
[Site "Oberhof GER"]
[Date "2012.05.27"]
[Round "1"]
[White "Piskaykin, Bogdan"]
[Black "Schluckner, Paul-Leopold"]
[Result "1-0"]
[Termination "normal"]
[Board "37"]
[WhiteElo "1560"]
[BlackElo "1110"]
[PlyCount "49"]
[WhiteFideId "12941212"]
[BlackFideId "12952168"]
[EventCountry "GER"]
[EventRounds "11"]
[EventType "swiss"]
[EventDate "2012.05.26"]

1. Nf3 Nc6 2. d4 d5 3. g3 Bf5 4. Bg2 e6 5. O-O Bd6 6. Nh4 Bg6 7. Nxg6 hxg6 8.
e4 Qd7 9. exd5 exd5 10. Re1+ Nge7 11. a3 O-O-O 12. b4 Nf5 13. Bb2 Rh7 14. b5
Na5 15. Nc3 Rdh8 16. h3 Ne7 17. Qf3 Nc4 18. Bc1 Nb6 19. a4 Bb4 20. a5 Bxc3 21.
axb6 Bxd4 22. bxa7 Bxa7 23. Rxa7 Kb8 24. Qa3 c5 25. b6 1-0